|
|
|
|
| LEADER |
02606nam a2200493 i 4500 |
| 001 |
nkc20213369149 |
| 003 |
CZ PrNK |
| 005 |
20241114110025.0 |
| 007 |
ta |
| 008 |
211101s2021 xr g 000 f cze |
| 015 |
|
|
|a cnb003369149
|
| 020 |
|
|
|a 978-80-267-2095-9
|q (vázáno) :
|c Kč 399,00
|
| 035 |
|
|
|a (OCoLC)1288053129
|
| 035 |
|
|
|a (OCoLC)1291385471
|
| 040 |
|
|
|a ABG001
|b cze
|d ABA001
|e rda
|
| 041 |
1 |
|
|a cze
|h eng
|
| 072 |
|
7 |
|a 821.111-3
|x Anglická próza, anglicky psaná
|2 Konspekt
|9 25
|
| 080 |
|
|
|a 821.111-31
|2 MRF
|
| 080 |
|
|
|a (0:82-31)
|2 MRF
|
| 080 |
|
|
|a (0:82-94)
|2 MRF
|
| 100 |
1 |
|
|a Sims, Gill
|7 mzk20181003795
|4 aut
|
| 240 |
1 |
0 |
|a Why mummy's sloshed.
|l Česky
|
| 245 |
1 |
0 |
|a Proč máma zase pije :
|b deník vyšťavené matky /
|c Gill Sims ; přeložil Jakub Chodil
|
| 250 |
|
|
|a Vydání první
|
| 264 |
|
1 |
|a Praha :
|b Motto,
|c 2021
|
| 300 |
|
|
|a 333 stran ;
|c 21 cm
|
| 336 |
|
|
|a text
|b txt
|2 rdacontent
|
| 337 |
|
|
|a bez média
|b n
|2 rdamedia
|
| 338 |
|
|
|a svazek
|b nc
|2 rdacarrier
|
| 500 |
|
|
|a Přeloženo z angličtiny
|
| 520 |
2 |
|
|a Závěrečný díl humorné série fiktivních deníků, které si píše Ellen, matka dvou dospívajících dětí.
|b Ellen už je manželkou a matkou tak dlouho, že už neví, jak dál. I když se opravdu snaží, její milované dětičky nemají potuchy, kde se v jejich domě nachází koš na prádlo, a stále nerozeznají, zda jsou znuděné, nebo jen hladové. A taky že by místo řvaní: "Mami, já to nemůžu najít" mohly zvednout svoje líné zadky a začít tu věc opravdu hledat. Když se k tomu přidají postupové zkoušky na střední škole a testy na řidičák, máma má co dělat, aby udržela celou rodinu v chodu a pohromadě, i přesto, že každý má namířeno úplně jinam a jeden z těch směrů je ulovit si v kuchyni další svačinu. Máma je vyčerpaná a cítí, že si její nikdy nekončící péče o rodinu nikdo neváží, a tak jedinou její útěchou je stále se zvětšující sklenice vína. Nakladatelská anotace. Kráceno.
|
| 655 |
|
7 |
|a anglické romány
|7 fd131814
|2 czenas
|
| 655 |
|
7 |
|a fiktivní deníky
|7 fd132254
|2 czenas
|
| 655 |
|
9 |
|a English fiction
|2 eczenas
|
| 655 |
|
9 |
|a imaginary diaries
|2 eczenas
|
| 700 |
1 |
|
|a Chodil, Jakub,
|d 1996-
|7 ola20191050257
|4 trl
|
| 787 |
0 |
8 |
|i Z cyklu:
|t Deník rozčilené matky
|g 4
|
| 910 |
2 |
|
|a BOA001
|b 2-1477.280
|
| 920 |
|
|
|a 4618726
|z ABG001
|
| 928 |
9 |
|
|a Albatros Media - Motto
|
| 990 |
|
|
|a BK
|
| 995 |
|
|
|a 01
|
| 991 |
|
|
|b 202111
|c NOV
|
| 996 |
6 |
|
|b 2610885397
|c 2-1477.280
|l MZK
|r Sklad / do 1 hodiny
|n 0
|p p.v.
|w 001868401
|u 000010
|a 1
|e BOA001
|j MZK50
|s P
|